US Government Quiz - Statistics

General Stats
  • This quiz has been taken 88 times
  • The average score is 17 of 20
Answer Stats
Hint Answer % Correct
1) Where the president resides White House
100%
4) Has 100 members, 2 from each state Senate
96%
15) Congress can override the aboveby how much of a vote? (Fraction) 2/3
95%
6) The US has how many branches ofgovernment? 3
95%
7) This branch includes the president,VP and the cabinet Executive
95%
5) Has 435 members, based on statepopulation House of Representatives
95%
9) Together, the 2 houses in #8 are called Congress
93%
19) The presidents wife is called the First Lady
93%
17) President Trump is a member of this party Republican
93%
12) 9 justices serve on this, the US highest court Supreme Court
93%
18) Former president Biden was a member ofthis party Democratic
92%
3) Branch which reviews laws and has the role of the justice system Judicial
92%
8) This branch includes the House ofRepresentatives and the Senate Legislative
90%
16) Serves as the HQ city of the US government Washington DC
86%
14) Term for when a president rejects a bill from Congress Veto
84%
2) Building that houses the Departmentof Defense Pentagon
79%
10) If the president and VP cannot serve, this person becomes president Speaker of the House
77%
11) The highest serving lawyer in theUS government is called Attorney General
64%
13) Congress works in this building Capitol
63%
20) Congress has the power to do this (has occurred11 times, famously during WW2) Declare War
63%
No matching quizzes found
Score Distribution
Percent of People with Each Score
Percentile by Number Answered
Your Score History
You have not taken this quiz